=LDR 00000nam 2200000 4500 =001 INLIS000000000027128 =005 20130612125528 =008 ***********************************Ind** =035 ##$$0010-061300000027128 =041 ##$$a Ind =082 ##$$a 646.7 =090 ##$$a 646.7, Sla m =100 ##$$a Slate, Joe =245 ##$$a Menjadi awet muda, strategi untuk hidup awaet muda, panjang umur dan lebih berkualitas, Joe H Slate ; penerjemah, Noermalasari Fajar =260 ##$$a 2006 $b Jakarta =300 ##$$a xii, 235 hlm, 23 cm =650 ##$$a Kebersihan =700 ##$$a Fajar, Nurmalasari =850 ##$$a NBPNMAT =990 ##$$a 0358/BPAP-NTB/2016 =990 ##$$a 0001/BPAP-NTB/2016